000 01004nam a22002537a 4500
001 7026
003 FISKH
005 20250619091701.0
008 250619b cb ||||| |||| 00| 0 eng d
040 _aFISKH
_beng
_cFISKH
_dFISKH
050 _aPZ7
082 _a599.7
100 _aCac
245 _aBaby animals /
_cBy Cac
260 _aWisconsin :
_bGolden Press,
_c1978.
300 _a10 unnumbered pages :
_bcolor illustrations ;
_c18 cm
505 _aE
520 _aThis book features a collection of adorable baby animals—bear cubs, kittens, ducklings, lion cubs, and more—each accompanied by a simple sentence or two highlighting their behavior or characteristics. The focus is on introducing young children to animal names and basic traits through Williams’s warm, realistic illustrations
521 8 _a200
_bLexile estimate
521 8 _aE
_bRaz-Plus
650 _aAnimal Life
_vEarly Literacy
_xPicture Book
_yNature
942 _2ddc
_cBK
_n0
999 _c7026
_d7026